000 01374nam a2200241 i 4500
001 125524
003 ES-MaACL
005 20231227160946.0
007 t|
008 070615s1962 sp f |||| | spa d
080 _a821.134.2-23"19"
100 1 _aBenavente, Jacinto,
_d1866-1954
_927443
245 1 0 _aObras completas.
_nIV /
_cJacinto Benavente.
246 3 4 _aEl mal que nos hacen y 24 comedias más
250 _a5ª ed.
260 _aMadrid :
_bAguilar,
_c1962.
300 _a1 v. (1184 p.) :
_b1 retr. ;
_c13 cm.
505 8 _aContiene: IV. El mal que nos hacen ; Los cachorros ; El rey Lear ; Caridad ; Mefistófela ; La Inmaculada de los Dolores ; La ley de los hijos ; Por ser con todos leal, ser para todos traidor ; La vestal de Occidente ; La honra de los hombres ; La Cenicienta ; Y va de cuento ; Una señora ; Una pobre mujer ; Más allá de la muerte ; Por qué se quitó Juan de la bebida ; Lecciones de buen amor ; Un par de botas ; Alfilerazos ; La otra honra ; La virtud sospechosa ; Nadie sabe lo que quiere, o El bailarín y el trabajador ; ¡Si creerás tú que es por mi gusto ! ; Los nuevos yernos ; El suicidio de Lucerito.
586 _aPremio Nobel de Literatura 1922
599 _aRetr.: Fot. de Rosario Pino, actriz.
852 _aES-MaACL
_jE-11697
_z- Biblioteca Jacinto Martínez Lacalle
999 _c125524
_d125524